LEADER 01057nam a2200253 i 4500 001 000000162651 003 CaOOAMICUS 005 20080108000000.0 008 080108s1977 it u000 u ita u 013 $a140015 040 $aSeMil$bita 100 1 $aBorgese, Leonardo.$0(OLS)http://semarc/name/61675 245 10$aAltre poesie per i bambini /$cLeonardo Borgese ; con quattro illustrazioni di Walter Piacesi. 250 $aed. f.c. 260 $aUrbino :$bCa' Spinello,$cstampa 1977. 300 $a1 cartella (31 p.) :$bill. ;$c18 cm. 500 $aEd. di 150 esempl. numerati. - Fondo Card. Giovanni Colombo. 700 1 $aPiacesi, Walter.$0(OLS)http://semarc/name/57896 850 $aSeMil 852 $aSeMil$W1$xVenegono$y1$m1B I 382$j235859$B113982$CSeMilBibl$Z2$F130401 $81 941 1 $a3 961 $aLascito: Colombo Card. Giovanni. -- Con dedica autografa dell'autore (Leonardo Borgese) 996 $6245$aAltre poesie per i bambini$9(OLS)http://semarc/title/232014 996 $6260$aUrbino :$bCa' Spinello$9(OLS)http://semarc/publisher/48444 LEADER 00666nam a2200169 i 4500 001 000000216418 003 CaOOAMICUS 005 20121018000000.0 008 121018s1669 xx u000 u fre u 013 $a195308 040 $aSeMil$bita 245 10$a[2]. 300 $a[2], P. 613-970, 172, 83, [12] p. 773 0 $aNicole, Pierre <1625-1695>$tPerpetuité de la foy de l'Eglise catholique touchant l'eucharistie, deffendue contre le livre du sieur Claude, ..$dA Paris : Chez Charles Savreux, 1669.$g2$w()27489 850 $aSeMil 852 $aSeMil$W1$xVenegono$y1$m2D IV 34 FA$j166837$B166837$CSeMilBibl$Z2$F177666 $8I 996 $6245$a[2]$9(OLS)http://semarc/title/54267